000 00543nam a2200181Ia 4500
008 090124s9999 xx 000 0 und d
082 _b110994
100 _aदास अं.वि.
245 _a वर्णन कला आणी तंत्र
250 _a1
260 _c1964
300 _a117
600 _aदास अं.वि.
630 _a वर्णन कला आणी तंत्र
700 _aदास अं.वि.
730 _a वर्णन कला आणी तंत्र
942 _cBOOK
999 _c157085
_d157085